[Event "New York Fall GM-A"]
[Site "New York"]
[Date "2024.11.10"]
[Round "6"]
[White "Can, Isik"]
[Black "Kaliksteyn, Alexander"]
[Result "0-1"]
[WhiteElo "2508"]
[BlackElo "2344"]
[PlyCount "112"]
[EventDate "2024.11.07"]
[EventType "tourn"]
[EventRounds "9"]
[EventCountry "USA"]
[EventCategory "8"]
[SourceTitle "CB45_2024"]
[Source "ChessBase"]
[SourceDate "2024.11.06"]
[SourceVersion "1"]
[SourceVersionDate "2024.11.06"]
[SourceQuality "1"]

1. e4 c5 2. Nf3 d6 3. d4 cxd4 4. Nxd4 Nf6 5. Nc3 a6 6. h3 e5 7. Nb3 Be7 8. g4 h6 9. Be3 b5 10. a4 b4 11. Nd5 Bb7 12. Bb6 Qc8 13. Nc7+ Kf8 14. f3 Nbd7 15. Nxa8 Qxa8 16. Bf2 Bxe4 17. Be2 Bg6 18. Qd2 Nd5 19. h4 Nf4 20. Bg3 Nxe2 21. Qxe2 f6 22. 0-0-0 Qc6 23. Rhe1 Kf7 24. h5 Bh7 25. Na5 Qc7 26. Qc4+ Qxc4 27. Nxc4 Rc8 28. b3 Nb6 29. Nxd6+ Bxd6 30. Rxd6 Rxc2+ 31. Kd1 Nxa4 32. bxa4 b3 33. Re4 Bxe4 34. fxe4 Rc3 35. Kd2 b2 36. Rd7+ Ke6 37. Rb7 Rxg3 38. Kc2 Rxg4 39. Rb6+ Kd7 40. Kxb2 a5 41. Rb5 Rxe4 42. Rxa5 f5 43. Ra7+ Ke6 44. Rxg7 Rxa4 45. Rg6+ Kd5 46. Rxh6 Rh4 47. Kc3 Ke4 48. Kd2 f4 49. Ke2 Rh2+ 50. Kf1 Kf3 51. Kg1 Rh4 52. Rh8 e4 53. h6 e3 54. h7 e2 55. Re8 Rxh7 56. Re3+ Kxe3 0-1

[Event "New York Fall GM-A"]
[Site "New York"]
[Date "2024.11.08"]
[Round "3"]
[White "Kaliksteyn, Alexander"]
[Black "Griffith, Kyron"]
[Result "1/2-1/2"]
[WhiteElo "2344"]
[BlackElo "2407"]
[PlyCount "56"]
[EventDate "2024.11.07"]
[EventType "tourn"]
[EventRounds "9"]
[EventCountry "USA"]
[EventCategory "8"]
[SourceTitle "CB45_2024"]
[Source "ChessBase"]
[SourceDate "2024.11.06"]
[SourceVersion "1"]
[SourceVersionDate "2024.11.06"]
[SourceQuality "1"]

1. c4 Nf6 2. Nc3 e6 3. e4 c5 4. e5 Ng8 5. d4 cxd4 6. Qxd4 Nc6 7. Qe4 d6 8. Nf3 dxe5 9. Nxe5 Bd7 10. Nxd7 Qxd7 11. Bd2 Nf6 12. Qh4 Rd8 13. 0-0-0 Qc8 14. g4 Rd4 15. Be2 Bc5 16. Qg5 Be7 17. Qxg7 Rg8 18. Qh6 Rg6 19. Qh3 Nxg4 20. Qxh7 Nxf2 21. Rhf1 Rh4 22. Bh5 Rxh5 23. Qxh5 Nxd1 24. Rxd1 Qc7 25. Qh8+ Bf8 26. Qh4 Be7 27. Qh8+ Bf8 28. Qh4 Be7 1/2-1/2

[Event "New York 1000 GM Spring GM-B"]
[Site "New York"]
[Date "2024.03.30"]
[Round "7"]
[White "Sinha, Sahil"]
[Black "Kaliksteyn, Alexander"]
[Result "1/2-1/2"]
[WhiteElo "2299"]
[BlackElo "2356"]
[PlyCount "43"]
[EventDate "2024.03.27"]
[EventType "tourn"]
[EventRounds "9"]
[EventCountry "USA"]
[EventCategory "6"]
[SourceTitle "CBM 219 Extra"]
[Source "ChessBase"]
[SourceDate "2024.05.31"]
[SourceVersion "1"]
[SourceVersionDate "2024.05.31"]
[SourceQuality "1"]

1. d4 d5 2. c4 e6 3. Nc3 c6 4. e3 Nf6 5. Nf3 Nbd7 6. Qc2 Bd6 7. b3 0-0 8. Be2 b6 9. Bb2 Bb7 10. 0-0 Rc8 11. Rad1 c5 12. dxc5 Nxc5 13. cxd5 Nce4 14. Qd3 Nxc3 15. Bxc3 Nxd5 16. Bb2 Qe7 17. Qd4 f6 18. Bc4 f5 19. Qh4 Qxh4 20. Nxh4 a6 21. a4 Rcd8 22. Nf3 1/2-1/2

[Event "New York President's Day GM-A"]
[Site "New York"]
[Date "2024.02.20"]
[Round "9"]
[White "Kaliksteyn, Alexander"]
[Black "Griffith, Kyron"]
[Result "1/2-1/2"]
[WhiteElo "2363"]
[BlackElo "2367"]
[PlyCount "31"]
[EventDate "2024.02.15"]
[EventType "tourn"]
[EventRounds "9"]
[EventCountry "USA"]
[EventCategory "6"]
[SourceTitle "CBM 218 Extra"]
[Source "ChessBase"]
[SourceDate "2024.03.31"]
[SourceVersion "1"]
[SourceVersionDate "2024.03.31"]
[SourceQuality "1"]

1. c4 e6 2. Nc3 Nf6 3. e4 d5 4. e5 d4 5. exf6 dxc3 6. bxc3 Qxf6 7. Nf3 b6 8. d4 Bb7 9. Be2 Nd7 10. 0-0 h6 11. a4 Bd6 12. Re1 0-0 13. a5 Be4 14. Be3 Rfd8 15. axb6 axb6 16. Rxa8 1/2-1/2

[Event "New York President's Day GM-A"]
[Site "New York"]
[Date "2024.02.19"]
[Round "8"]
[White "Paragua, Mark"]
[Black "Kaliksteyn, Alexander"]
[Result "1/2-1/2"]
[WhiteElo "2448"]
[BlackElo "2363"]
[PlyCount "31"]
[EventDate "2024.02.15"]
[EventType "tourn"]
[EventRounds "9"]
[EventCountry "USA"]
[EventCategory "6"]
[SourceTitle "CBM 218 Extra"]
[Source "ChessBase"]
[SourceDate "2024.03.31"]
[SourceVersion "1"]
[SourceVersionDate "2024.03.31"]
[SourceQuality "1"]

1. Nf3 d5 2. g3 c5 3. Bg2 Nc6 4. 0-0 e5 5. d3 Be7 6. e4 d4 7. Na3 h5 8. Nc4 Qc7 9. h4 Nf6 10. a4 Bg4 11. c3 Nd7 12. a5 f6 13. Qa4 0-0 14. Bd2 Be6 15. Rfc1 Rac8 16. cxd4 1/2-1/2

[Event "New York Mem Day 1000 GM GM-A"]
[Site "New York"]
[Date "2023.05.27"]
[Round "3.2"]
[White "Lenderman, Aleksandr"]
[Black "Kaliksteyn, Alexander"]
[Result "1-0"]
[WhiteElo "2572"]
[BlackElo "2373"]
[PlyCount "121"]
[EventDate "2023.05.26"]
[EventType "schev"]
[EventRounds "6"]
[EventCountry "USA"]
[SourceTitle "CBM 214 Extra"]
[Source "ChessBase"]
[SourceDate "2023.07.31"]
[SourceVersion "1"]
[SourceVersionDate "2023.07.31"]
[SourceQuality "1"]
[WhiteTeam "Team A"]
[BlackTeam "Team B"]
[WhiteTeamCountry "USA"]
[BlackTeamCountry "USA"]

1. e4 c5 2. Nf3 d6 3. d4 cxd4 4. Nxd4 Nf6 5. Bd3 Nc6 6. Be3 e5 7. Nxc6 bxc6 8. 0-0 Be7 9. c4 0-0 10. Nc3 Be6 11. Qa4 Ng4 12. Bd2 Bg5 13. Qd1 Rb8 14. b3 Bxd2 15. Qxd2 Qh4 16. h3 Nf6 17. Qe3 Rb7 18. Rad1 Rd7 19. Be2 Nh5 20. Bxh5 Qxh5 21. Rd2 Rfd8 22. Rfd1 g6 23. Rd3 Qh4 24. Na4 Qe7 25. c5 d5 26. exd5 Bxd5 27. Nc3 Qe6 28. b4 f5 29. a4 a6 30. R3d2 f4 31. Qe1 f3 32. Nxd5 Rxd5 33. gxf3 Rxd2 34. Rxd2 Rf8 35. Kg2 Rf4 36. Rd8+ Kg7 37. Rd6 Qf5 38. Qe3 Qg5+ 39. Kh2 Qf5 40. Qd2 Rxf3 41. Rd7+ Kf6 42. Qd6+ Kg5 43. Qe7+ Qf6 44. Qxf6+ Rxf6 45. Kg2 Rf4 46. Rb7 Rc4 47. a5 Kf4 48. Rxh7 g5 49. Rf7+ Ke4 50. Rf6 Rxb4 51. Rxc6 Rb5 52. Rxa6 Rxc5 53. Ra8 Rc3 54. a6 Ra3 55. a7 Ra1 56. Kg3 Rg1+ 57. Kh2 Ra1 58. Kg2 Ra3 59. f3+ Ke3 60. Kg3 Ra4 61. Re8 1-0

[Event "New York Winter GM-A"]
[Site "New York"]
[Date "2023.01.15"]
[Round "7"]
[White "Kaliksteyn, Alexander"]
[Black "Kantor, Gergely"]
[Result "0-1"]
[WhiteElo "2385"]
[BlackElo "2544"]
[PlyCount "122"]
[EventDate "2023.01.12"]
[EventType "tourn"]
[EventRounds "9"]
[EventCountry "USA"]
[EventCategory "8"]
[SourceTitle "CBM 212 Extra"]
[Source "ChessBase"]
[SourceDate "2023.03.31"]
[SourceVersion "1"]
[SourceVersionDate "2023.03.31"]
[SourceQuality "1"]

1. d4 Nf6 2. Nf3 d5 3. c3 e6 4. Bf4 c5 5. e3 Nc6 6. Nbd2 Nh5 7. Bg5 f6 8. Bh4 g6 9. Bd3 cxd4 10. cxd4 Bd6 11. Rc1 0-0 12. 0-0 Bd7 13. Re1 Be8 14. e4 Nf4 15. Bb1 g5 16. Bg3 Bh5 17. exd5 exd5 18. Nf1 f5 19. Qb3 Bxf3 20. Qxf3 Nxd4 21. Qd1 Nde2+ 22. Rxe2 Nxe2+ 23. Qxe2 f4 24. Qh5 Rf7 25. Rd1 fxg3 26. Nxg3 Bxg3 27. hxg3 Qe7 28. Kh2 Rd8 29. Re1 Qf6 30. Re6 Qxe6 31. Qxg5+ Rg7 32. Qxd8+ Kf7 33. f4 Qh6+ 34. Kg1 Qb6+ 35. Qxb6 axb6 36. Kf2 Kf6 37. Kf3 Re7 38. g4 h6 39. Bd3 Re1 40. a3 Ra1 41. Ke3 Ra2 42. Kd4 Rxb2 43. g5+ hxg5 44. fxg5+ Kxg5 45. Kxd5 Rb3 46. Kc4 Rxa3 47. Be2 Ra5 48. Bf3 Rc5+ 49. Kb4 Kf6 50. Bxb7 Ke5 51. Bf3 Kd6 52. g4 Re5 53. Bb7 Kc7 54. Bf3 Rc5 55. Be4 Kb8 56. Bf5 Kb7 57. Be4+ Kc7 58. Bf3 Kd6 59. Bb7 Ke5 60. Bf3 Kd4 61. Bb7 Rc1 0-1

[Event "Charlotte CCCSA Fall GM-A"]
[Site "Charlotte"]
[Date "2022.11.21"]
[Round "7"]
[White "Stremavicius, Titas"]
[Black "Kaliksteyn, Alexander"]
[Result "1/2-1/2"]
[WhiteElo "2527"]
[BlackElo "2389"]
[PlyCount "55"]
[EventDate "2022.11.18"]
[EventType "tourn"]
[EventRounds "9"]
[EventCountry "USA"]
[EventCategory "8"]
[SourceTitle "CBM 211 Extra"]
[Source "ChessBase"]
[SourceDate "2023.01.31"]
[SourceVersion "1"]
[SourceVersionDate "2023.01.31"]
[SourceQuality "1"]

1. c4 e6 2. Nc3 d5 3. d4 c6 4. e4 dxe4 5. Nxe4 Bb4+ 6. Bd2 Qxd4 7. Bxb4 Qxe4+ 8. Be2 Na6 9. Bd6 Qxg2 10. Qd2 Nf6 11. Bf3 Qg6 12. 0-0-0 e5 13. Bxe5 Be6 14. Ne2 Qf5 15. Bf4 Qc5 16. Nc3 Qxc4 17. Be2 Qb4 18. Bxa6 bxa6 19. Bd6 Qb7 20. Bc5 Nd5 21. Ne4 0-0-0 22. Nd6+ Rxd6 23. Bxd6 Rd8 24. Ba3 Bg4 25. Rde1 Bf5 26. Rd1 Bg4 27. Rde1 Bf5 28. Rd1 1/2-1/2

[Event "Charlotte CCCSA Fall GM-A"]
[Site "Charlotte"]
[Date "2022.11.19"]
[Round "3"]
[White "Kaliksteyn, Alexander"]
[Black "Tiglon, Bryce"]
[Result "1/2-1/2"]
[WhiteElo "2389"]
[BlackElo "2475"]
[PlyCount "26"]
[EventDate "2022.11.18"]
[EventType "tourn"]
[EventRounds "9"]
[EventCountry "USA"]
[EventCategory "8"]
[SourceTitle "CBM 211 Extra"]
[Source "ChessBase"]
[SourceDate "2023.01.31"]
[SourceVersion "1"]
[SourceVersionDate "2023.01.31"]
[SourceQuality "1"]

1. d4 Nf6 2. Nf3 g6 3. Bf4 Bg7 4. e3 d6 5. h3 c5 6. Be2 Nc6 7. c3 cxd4 8. exd4 Nd5 9. Bh2 0-0 10. 0-0 e5 11. Nbd2 exd4 12. Nxd4 Nxd4 13. cxd4 Re8 1/2-1/2

[Event "Charlotte CCCSA Fall GM-A"]
[Site "Charlotte"]
[Date "2022.11.18"]
[Round "1"]
[White "Kaliksteyn, Alexander"]
[Black "Shmeliov, Denis"]
[Result "1/2-1/2"]
[WhiteElo "2389"]
[BlackElo "2415"]
[PlyCount "40"]
[EventDate "2022.11.18"]
[EventType "tourn"]
[EventRounds "9"]
[EventCountry "USA"]
[EventCategory "8"]
[SourceTitle "CBM 211 Extra"]
[Source "ChessBase"]
[SourceDate "2023.01.31"]
[SourceVersion "1"]
[SourceVersionDate "2023.01.31"]
[SourceQuality "1"]

1. d4 d5 2. Nf3 Nf6 3. Bf4 c5 4. e3 Nc6 5. Nbd2 Qb6 6. dxc5 Qxb2 7. Rb1 Qc3 8. Bb5 g6 9. e4 dxe4 10. Be5 Qa5 11. 0-0 exf3 12. Qxf3 Qxb5 13. Bxf6 Qxb1 14. Rxb1 exf6 15. Qxf6 Rg8 16. Ne4 Be7 17. Nd6+ Bxd6 18. cxd6 Rb8 19. Re1+ Be6 20. Rxe6+ fxe6 1/2-1/2

[Event "New York Fall GM-A"]
[Site "Long Island City"]
[Date "2022.11.10"]
[Round "3"]
[White "Kevlishvili, Robby"]
[Black "Kaliksteyn, Alexander"]
[Result "1-0"]
[WhiteElo "2536"]
[BlackElo "2389"]
[PlyCount "109"]
[EventDate "2022.11.09"]
[EventType "tourn"]
[EventRounds "9"]
[EventCountry "USA"]
[SourceTitle "CBM 211 Extra"]
[Source "ChessBase"]
[SourceDate "2023.01.31"]
[SourceVersion "1"]
[SourceVersionDate "2023.01.31"]
[SourceQuality "1"]

1. e4 c5 2. c3 d5 3. exd5 Qxd5 4. d4 e6 5. Nf3 Nf6 6. Na3 Nc6 7. Be3 cxd4 8. Nb5 Qd7 9. Nbxd4 a6 10. Bd3 Bd6 11. 0-0 0-0 12. Nxc6 Qxc6 13. Bd4 Qc7 14. Re1 b5 15. a4 Bb7 16. axb5 axb5 17. Rxa8 Bxa8 18. Bxb5 Bxf3 19. Qxf3 e5 20. Be3 e4 21. Qh3 Rb8 22. c4 Be5 23. b3 h6 24. g3 Rd8 25. Qf1 Ng4 26. Qe2 f5 27. Rd1 Rxd1+ 28. Qxd1 Nxe3 29. fxe3 Qd6 30. Qc2 Qd3 31. Qxd3 exd3 32. Kf2 Bd6 33. Be8 Bc5 34. Bg6 d2 35. Ke2 Bxe3 36. Bxf5 Kf7 37. Bc2 Bg1 38. h3 Ke6 39. Kxd2 Bf2 40. g4 Ke5 41. b4 Kd4 42. Bd3 Bh4 43. Bf1 Be7 44. c5 Bf8 45. Kc2 Be7 46. Kb3 Bf8 47. Ka4 Bxc5 48. bxc5 Kxc5 49. h4 Kd4 50. h5 Ke4 51. Kb5 Kf4 52. Bd3 Kxg4 53. Bg6 Kg5 54. Kc6 Kf6 55. Kd6 1-0

[Event "Saint Louis 1000 GM GM 09"]
[Site "Saint Louis"]
[Date "2022.09.24"]
[Round "6"]
[White "Kaliksteyn, Alexander"]
[Black "Gedajlovic, Max"]
[Result "1/2-1/2"]
[WhiteElo "2393"]
[BlackElo "2343"]
[PlyCount "50"]
[EventDate "2022.09.21"]
[EventType "tourn"]
[EventRounds "9"]
[EventCountry "USA"]
[EventCategory "6"]
[SourceTitle "CBM 210 Extra"]
[Source "ChessBase"]
[SourceDate "2022.11.30"]
[SourceVersion "1"]
[SourceVersionDate "2022.11.30"]
[SourceQuality "1"]

1. d4 Nf6 2. Nf3 e6 3. Bf4 c5 4. e3 d5 5. Nbd2 Nc6 6. c3 Nh5 7. Bg5 f6 8. Bh4 g6 9. Bd3 cxd4 10. cxd4 Be7 11. 0-0 0-0 12. Rc1 Bd7 13. a3 Qe8 14. Nb3 g5 15. Bg3 Nxg3 16. fxg3 g4 17. Nfd2 f5 18. Nc5 Bg5 19. Re1 Nd8 20. Nxd7 Qxd7 21. Qc2 Rf7 22. Nf1 Re7 23. Qc5 Nf7 24. Rc2 Nd6 25. Rec1 Ree8 1/2-1/2

[Event "Saint Louis 1000 GM GM 09"]
[Site "Saint Louis"]
[Date "2022.09.21"]
[Round "1"]
[White "Kretchetov, Alexandre"]
[Black "Kaliksteyn, Alexander"]
[Result "1/2-1/2"]
[WhiteElo "2144"]
[BlackElo "2393"]
[PlyCount "55"]
[EventDate "2022.09.21"]
[EventType "tourn"]
[EventRounds "9"]
[EventCountry "USA"]
[EventCategory "6"]
[SourceTitle "CBM 210 Extra"]
[Source "ChessBase"]
[SourceDate "2022.11.30"]
[SourceVersion "1"]
[SourceVersionDate "2022.11.30"]
[SourceQuality "1"]

1. Nf3 d5 2. d4 Nf6 3. c4 e6 4. Nc3 c6 5. e3 Nbd7 6. Qc2 Bd6 7. b3 0-0 8. Be2 e5 9. cxd5 cxd5 10. Nb5 Bb4+ 11. Bd2 Bxd2+ 12. Nxd2 a6 13. dxe5 Nxe5 14. Nd4 Bg4 15. Bxg4 Nfxg4 16. 0-0 Rc8 17. Qf5 g6 18. Qf4 Qe7 19. h3 Nf6 20. Rfd1 Rfd8 21. Qh4 Rd7 22. N2f3 Rdc7 23. Nxe5 Qxe5 24. Nf3 Qe7 25. Qg5 Rc2 26. Qh4 R2c7 27. Rd3 Rc1+ 28. Rd1 1/2-1/2

[Event "New York Summer GM-A"]
[Site "New York"]
[Date "2022.07.11"]
[Round "9"]
[White "Song, Michael"]
[Black "Kaliksteyn, Alexander"]
[Result "1/2-1/2"]
[WhiteElo "2409"]
[BlackElo "2380"]
[PlyCount "78"]
[EventDate "2022.07.07"]
[EventType "tourn"]
[EventRounds "9"]
[EventCountry "USA"]
[EventCategory "8"]
[SourceTitle "CBM 209 Extra"]
[Source "ChessBase"]
[SourceDate "2022.09.30"]
[SourceVersion "1"]
[SourceVersionDate "2022.09.30"]
[SourceQuality "1"]

1. f4 c5 2. Nf3 g6 3. g3 Bg7 4. Bg2 Nc6 5. d3 e6 6. 0-0 Nge7 7. e4 0-0 8. c3 d6 9. Be3 b5 10. d4 cxd4 11. cxd4 Bb7 12. Nbd2 Rc8 13. Bf2 Na5 14. b3 Qd7 15. Bh3 f5 16. Re1 Nac6 17. a3 a6 18. Ra2 Nd8 19. Qe2 Re8 20. d5 fxe4 21. dxe6 Nxe6 22. Nxe4 Nf5 23. Qd3 Qc6 24. Rae2 Nc5 25. Bxc5 dxc5 26. Bg2 c4 27. bxc4 bxc4 28. Qc2 Rxe4 29. Rxe4 Qc5+ 30. Kh1 Bxe4 31. Qxe4 c3 32. Ng5 h6 33. Ne6 Qd6 34. Qb7 Rb8 35. Qd5 Qxd5 36. Bxd5 Rc8 37. g4 c2 38. Nd4+ Kf8 39. Nxc2 Rxc2 1/2-1/2

[Event "New York Summer GM-A"]
[Site "New York"]
[Date "2022.07.09"]
[Round "4"]
[White "Korley, Kassa"]
[Black "Kaliksteyn, Alexander"]
[Result "1/2-1/2"]
[WhiteElo "2421"]
[BlackElo "2380"]
[PlyCount "109"]
[EventDate "2022.07.07"]
[EventType "tourn"]
[EventRounds "9"]
[EventCountry "USA"]
[EventCategory "8"]
[SourceTitle "CBM 209 Extra"]
[Source "ChessBase"]
[SourceDate "2022.09.30"]
[SourceVersion "1"]
[SourceVersionDate "2022.09.30"]
[SourceQuality "1"]

1. Nf3 d5 2. g3 c5 3. Bg2 Nc6 4. d4 Nf6 5. 0-0 e6 6. c4 dxc4 7. dxc5 Qxd1 8. Rxd1 Bxc5 9. Nfd2 Nd4 10. Nc3 Nd5 11. Nxd5 exd5 12. Bxd5 Bg4 13. Bxb7 Rd8 14. Kg2 Bxe2 15. Re1 0-0 16. Ba6 c3 17. Bxe2 cxd2 18. Bxd2 Nc2 19. Bc3 Bd4 20. Bxd4 Nxe1+ 21. Rxe1 Rxd4 22. Bf3 Rd2 23. Re7 g6 24. Rxa7 Rc8 25. Be4 f5 26. Ra8 Rxa8 27. Bxa8 Rxb2 28. Bd5+ Kg7 29. h4 Kf6 30. Bb3 h6 31. Kf3 Ke5 32. Ke3 Rb1 33. Bf7 g5 34. hxg5 hxg5 35. Bb3 Rb2 36. Bc4 f4+ 37. gxf4+ gxf4+ 38. Kf3 Rc2 39. Bb3 Rc3+ 40. Kg2 Ke4 41. Bf7 Rc6 42. Bh5 Ra6 43. Bf7 Ra7 44. Bg6+ Ke5 45. Bh5 Rxa2 46. Bf3 Ra7 47. Bc6 Rc7 48. Ba8 Kf5 49. Bd5 Rg7+ 50. Kf3 Rd7 51. Be4+ Kg5 52. Kg2 Rd4 53. Bb7 Rd3 54. Be4 Rc3 55. Bf3 1/2-1/2